Online
Catalog

Riego por diques de contorno (capítulo 6, sección 15) / (Record no. 36205)

MARC details
000 -CABECERA
campo de control de longitud fija 01430nam a2200265 a 4500
001 - NÚMERO DE CONTROL
campo de control 000036714
005 - FECHA Y HORA DE LA ÚLTIMA TRANSACCIÓN
campo de control 20200930075906.0
008 - DATOS DE LONGITUD FIJA--INFORMACIÓN GENERAL
campo de control de longitud fija 120126s1972 mx a 000 0 spa d
040 ## - FUENTE DE LA CATALOGACIÓN
Centro catalogador/agencia de origen DO-SdBNP
Lengua de catalogación spa
Centro/agencia transcriptor BNPHU
041 17 - CÓDIGO DE LENGUA
Código de lengua del texto/banda sonora o título independiente spa
Código de lengua original eng
245 00 - MENCIÓN DE TÍTULO
Título Riego por diques de contorno (capítulo 6, sección 15) /
Mención de responsabilidad, etc. traductor: Ramón Palazón.
260 ## - PUBLICACIÓN, DISTRIBUCIÓN, ETC.
Lugar de publicación, distribución, etc. México :
Nombre del editor, distribuidor, etc. Centro Regional de Ayuda Técnica : Diana,
Fecha de publicación, distribución, etc. 1972.
300 ## - DESCRIPCIÓN FÍSICA
Extensión 51 p. :
Otras características físicas il. ;
Dimensiones 24 cm.
490 0# - MENCIÓN DE SERIE
Mención de serie Ingeniería de suelos ;
Designación de volumen o secuencia 3
500 ## - NOTA GENERAL
Nota general A cabeza de portada: Manual de ingeniería de suelos, sección 15: riego.
500 ## - NOTA GENERAL
Nota general En la portada: Servicio de Conservación de Suelos, Departamento de Agricultura de los Estados Unidos de América, 3.
500 ## - NOTA GENERAL
Nota general En la portada: Manual nacional de ingeniería.
508 ## - NOTA DE CRÉDITOS DE CREACIÓN O PRODUCCIÓN
Nota de créditos de creación o producción Editada originalmente por el Departamento de Agricultura de los Estados Unidos de América. Preparada conjuntamente por la Editorial Diana y el Centro Regional de Ayuda Técnica (RTAC), Agencia para el Desarrollo Internacional (A.I.D.), Departamento de Estado del Gobierno de los Estados Unidos de América.
534 ## - NOTA SOBRE LA VERSIÓN ORIGINAL
Frase introductoria Título original:
Mención de título del original Irrigation (section 15, chapter 6). Contour-levee irrigation
650 24 - PUNTO DE ACCESO ADICIONAL DE MATERIA--TÉRMINO DE MATERIA
Término de materia o nombre geográfico como elemento de entrada Riego por diques de contorno
9 (RLIN) 63019
650 24 - PUNTO DE ACCESO ADICIONAL DE MATERIA--TÉRMINO DE MATERIA
Término de materia o nombre geográfico como elemento de entrada Ingeniería de suelos
9 (RLIN) 63020
650 24 - PUNTO DE ACCESO ADICIONAL DE MATERIA--TÉRMINO DE MATERIA
Término de materia o nombre geográfico como elemento de entrada Conservación de suelos
9 (RLIN) 55780
700 1# - PUNTO DE ACCESO ADICIONAL--NOMBRE DE PERSONA
Nombre de persona Palazón, Ramón,
Término indicativo de función/relación trad.
9 (RLIN) 41247
830 #0 - PUNTO DE ACCESO ADICIONAL DE SERIE-TÍTULO UNIFORME
Título uniforme Ingeniería de suelos
Designación de volumen o secuencia 3
9 (RLIN) 34984
Holdings
Estado de retiro Estado de pérdida Restricciones de uso No para préstamo Código de colección Localización permanente Ubicación/localización actual Ubicación en estantería Fecha de adquisición Número de inventario Total de préstamos Signatura topográfica completa Código de barras Fecha visto por última vez Precio válido a partir de Tipo de ítem Koha Número de copia
      Excluido de préstamo Monografías: Libros y Folletos General General En catalogación 26.01.2012 LF1   36714-10 25.06.2020 25.06.2020 No se presta  
      Excluido de préstamo Monografías: Libros y Folletos General General En catalogación 26.01.2012 LF1   36714-20 25.06.2020 25.06.2020 No se presta e.2

Powered by Koha